Normal view MARC view
  • Safi Ullah Butt (0000275703)

Entry Personal Name

Number of records used in: 1

001 - CONTROL NUMBER

  • control field: 116650

003 - CONTROL NUMBER IDENTIFIER

  • control field: NUST

005 - DATE AND TIME OF LATEST TRANSACTION

  • control field: 20230912170018.0

008 - FIXED-LENGTH DATA ELEMENTS

  • fixed length control field: 230912|| aca||aabn | a|a d

040 ## - CATALOGING SOURCE

  • Original cataloging agency: NUST
  • Transcribing agency: NUST

100 ## - HEADING--PERSONAL NAME

  • Personal name: Safi Ullah Butt (0000275703)

670 ## - SOURCE DATA FOUND

  • Source citation: Work cat.: (NUST): Safi Ullah Butt (0000275703), Fabrication of Ultraviolet Aging Chamber and Testing of Polymeric Insulators /, 2021
© 2023 Central Library, National University of Sciences and Technology. All Rights Reserved.